| 000 | 00635nam a2200181 a 4500 | ||
|---|---|---|---|
| 008 | 081121s2003 ||||||||||||||||| || u | ||
| 020 | _a9780340867617 | ||
| 050 | _aQA 531 Abb | ||
| 100 | _aAbbott, P | ||
| 245 | 1 | 0 | _aTeach yourself trigonometry |
| 260 |
_aLondon: _bHodder Arnold _c2003 |
||
| 300 | _aviii, 164p.: ill. | ||
| 350 | _a0.00 | ||
| 490 | _aTeach yourself | ||
| 650 | 0 | _aMATHEMATICS--HANDBOOKS, MANUALS, ETC | |
| 650 | _aTRIGONOMETRY--STUDY AND TEACHING | ||
| 995 |
_D0.00 _FCBU-MAIN LIBRARY (Kitwe) _H1 _I0.00 _M1 _UDAMAGED _WFeb 17, 2009 _ZMain Library Open Access Collection |
||
| 999 |
_c59448 _d59448 |
||